| 000 | | | 03579nmc2a2200000 x 450 |
| 001 | | | 39652ba5-99d6-4fd9-abc5-a99bb15ee826 |
| 005 | | | 20170117160622.0 |
| 100 | ## | $a | 20140923l18041804k l0rusy0189 ca |
| 101 | 0# | $a | rus |
| 102 | ## | $a | RU |
| 200 | 1# | $a | Дело по городу Одессе |
| | $j | 1804 г. |
| 251 | ## | $c | Дело |
| 300 | ## | $a | Дело |
| 801 | #0 | $a | RU |
| | $b | РГИА |
| | $c | 20140923 |
| | $g | RCR |
| 801 | #1 | $a | RU |
| | $b | ГлавНИВЦ |
| | $c | 20140923 |
| | $2 | rusmarc |
| 801 | #2 | $a | RU |
| | $b | ПБ им. Б.Н. Ельцина |
| | $c | 20170117 |
| | $g | RCR |
| | $2 | rusmarc |
| 850 | ## | $a | РГИА |
| 852 | ## | $a | РГИА |
| | $e | Федеральное казенное учреждение "Российский государственный исторический архив" (РГИА) |
| | $j | 256 |
| 937 | ## | $h | РГИА |
| | $d | 11556594 |
| | $a | ASBIBLIO_SCAN |
| 462 | #0 | $1 | 00179a3dcbf-b6b4-4399-96ae-bc4b50eeaa70 |
| | $1 | 2001 |
| | $a | 1802-1810 гг. Дела Департамента полиции исполнительной МВД за 1804 г. |
| | $1 | 251 |
| | $c | Опись |
| | $1 | 852 |
| | $j | 1 |
| 461 | #0 | $1 | 0013e300ed0-cd39-49af-8489-5ba5b90fa401 |
| | $1 | 2001 |
| | $a | Департамент полиции исполнительной МВД |
| | $1 | 251 |
| | $c | Фонд |
| | $1 | 852 |
| | $j | 1286 |
| 215 | ## | $a | 144 л. |
| | $d | 36,5x26 см |
| 371 | ## | $a | Документ не является опубликованным и широко распространяемым |
| 105 | ## | $a | у### |
| 122 | 2# | $a | d |
| 035 | ## | $a | 39652ba5-99d6-4fd9-abc5-a99bb15ee826 |
| 856 | ## | $u | http://readingroom.main.prlib.ru/item.aspx?id_node=n94451592&mode=full |